000 00531 a2200169 4500
020 _a0201844524
040 _aDLC
_bDLC
100 1 _aChaudhri, Akmal B.
245 1 0 _aXML data management
_cAkmal B. Chaudhri, Awais Rashid, Roberto Zicari
260 _aBoston, MA :
_bAddison Wesley Professional,
_c2003.
300 _axxxvi, 641 p. :
_bill. ;
_c24 cm.
650 0 _aDatabase management.
650 0 _aXML (Document markup language)
700 1 _aRashid, Awais.
700 1 _aZicari, Roberto.
942 _aSEEC
_cBK
_k005.72 AKM
_2ddc
999 _c6329
_d6329